00862nam a2200253 a 450000100060000000300090000600800410001502000150005604000280007104100080009910000380010724501450014525000240029026000340031430000170034849000230036550000670038865000240045565000320047965000290051165000280054070000210056870000190058924454CO-ViMGA141112s2004 ck r 000 u spa d a8408059297 aCO-ViMGAbspacCO-ViMGA aSPA1 aLewis, Clive Staples, 1898 - 196310aLas crónicas de Narnia : bla travesía del viajero del Alba / cC.S. Lewis ; traducción Gemma Gallart ; ilustracionesde Pauline Baynes a1a ed., 13a reimpr. aBarcelona : bDestino, c2006 a312 p. : il. aInfantil & juvenil aTítulo original de la obra : The voyage of the dawn treader.14aDESDE LOS 12 AÑOS14aLITERATURA JUVENIL INGLESA 14aNARRACIONES FANTASTICAS 14aNOVELA JUVENIL INGLESA 1 aBaynes, Pauline 1 aGallart, Gemma